Statistics for Islands Multiple Choice Quiz

Click here to take the quiz!

General Stats

  • This quiz has been taken 18 times
  • The average score is 6 of 10

Answer Stats

QuestionAnswer% Correct
What islands are known as the ABC islands in the caribbean sea?Aruba, Bonaire, and Curaçao
83%
What is the biggest island in the Indian Ocean?Madagascar
75%
Which of the following islands are NOT a territory owned by France?Bougainville
67%
What is the biggest island in China?Hainan
67%
What is the smallest island nation in the world?Nauru
67%
Which of the following countries' capitals is NOT located on an island?Malaysia
50%
What is the most remote populated island in the world?Tristan da Cunha
50%
What is the 3rd largest island in New Zealand?Stewart Island
42%
What is the biggest island in the Philippines?Luzon
33%
Which country has the most islands in the world?Sweden
33%

Score Distribution

Percentile by Number Answered

Percent of People with Each Score

Your Score History

You have not taken this quiz